000
00307nam a2200121 a 4500
008
101213s1956|||| d
245
1
0
_a
Sprievodca repertoárom pre spevácke súbory ĽUT
100
1
_a
Novák, Ján
260
_b
SUĽUT
_a
Bratislava
_c
1956
020
_c
10
044
_a
xo
_c
SK
041
_a
slo
999
_c
15181
_d
15181